LEADER 01304nam0 22003131i 450 001 UON00271180 005 20231205103755.174 010 $a88-430-3527-4 100 $a20051220d2005 |0itac50 ba 101 $aita$aENG 102 $aIT 105 $a||||0 ||||| 200 1 $aGuerra e identità$epercorsi della letteratura inglese nel Novecento$fAlessandra Marzola 210 $aRoma$cCarocci$d2005 215 $a228 p.$d22 cm. 410 1$1001UON00272673$12001 $aStudi Superiori. Lingue e Letterature Straniere$1210 $aRoma$cCarocci$v500 606 $aLETTERATURA INGLESE$xStoria$xSec. 20.$3UONC039830$2FI 606 $aGUERRA NELLA LETTERATURA$3UONC051753$2FI 606 $aGUERRA MONDIALE 1914-1918$xGran Bretagna$3UONC058141$2FI 620 $aIT$dRoma$3UONL000004 676 $a820.91$cLetteratura inglese e in antico inglese. Sec. 20.$v21 700 1$aMARZOLA$bAlessandra$3UONV123453$0166894 712 $aCarocci$3UONV252662$4650 801 $aIT$bSOL$c20240220$gRICA 899 $aSIBA - SISTEMA BIBLIOTECARIO DI ATENEO$2UONSI 912 $aUON00271180 950 $aSIBA - SISTEMA BIBLIOTECARIO DI ATENEO$dSI Angl VII 0147 $eSI LO 69460 5 0147 996 $aGuerra e identità$9238867 997 $aUNIOR LEADER 01528oas 2200505 a 450 001 9910144882303321 005 20260218112207.0 035 $a(DE-599)ZDB2108714-3 035 $a(OCoLC)56141032 035 $a(CONSER) 2004208425 035 $a(CKB)1000000000257310 035 $a(DE-599)2108714-3 035 $a(EXLCZ)991000000000257310 100 $a20040812b20012004 sy 101 0 $ager 135 $aurcnu|||||||| 181 $ctxt$2rdacontent 182 $cc$2rdamedia 183 $acr$2rdacarrier 200 10$aGenomXPress $eInformationen aus der deutschen Genomforschung 210 $a[Berlin] $cGerman Human Genome Project$d[2001-2004] 300 $aTitle from cover image on contents page (publisher's Web site, viewed Aug. 12, 2004). 311 08$a1617-562X 517 3 $aGenom XPress 517 3 $aGenom Express 606 $aHuman gene mapping$vPeriodicals 606 $aHuman gene mapping$zGermany$vPeriodicals 606 $aHuman gene mapping$2fast$3(OCoLC)fst00963066 607 $aGermany$2fast$1https://id.oclc.org/worldcat/entity/E39PBJtCD3rcKcPDx6FHmjvrbd 608 $aPeriodicals.$2fast 615 0$aHuman gene mapping 615 0$aHuman gene mapping 615 7$aHuman gene mapping. 712 02$aDeutsches Humangenomprojekt 801 0$bDLC 801 1$bDLC 801 2$bOCLCQ 801 2$bOCLCF 801 2$bOCLCO 801 2$bOCLCQ 801 2$bOCLCL 906 $aJOURNAL 912 $a9910144882303321 996 $aGenomXPress$92281964 997 $aUNINA